[Event "Bundesliga 0001"]
[Site "Deutschland"]
[Date "2001.01.27"]
[Round "6.2"]
[White "Bunzmann, Dimitrij"]
[Black "Bauer, Christian"]
[Result "1/2-1/2"]
[WhiteElo "2484"]
[BlackElo "2562"]
[PlyCount "31"]
[EventDate "2000.10.14"]
[EventType "team"]
[EventRounds "15"]
[EventCountry "GER"]
[SourceTitle "Bundesliga 0001"]
[Source "DeepChess"]
[SourceDate "2005.01.01"]
[SourceVersion "1"]
[SourceVersionDate "2005.01.01"]
[SourceQuality "1"]
[WhiteTeam "SF Neukoelln 03 e.V."]
[BlackTeam "TV Tegernsee"]
[WhiteTeamCountry "GER"]
[BlackTeamCountry "GER"]

1. d4 Nf6 2. Nf3 e6 3. c4 b6 4. g3 Ba6 5. Qb3 Nc6 6. Bd2 Bb7 7. d5 Ne7 8. dxe6
fxe6 9. Bc3 Nf5 10. Nbd2 Bc5 11. Bh3 O-O 12. O-O Qe8 13. Bxf6 Rxf6 14. Qd3 Rf8
15. Rad1 Rd8 16. Nb3 1/2-1/2

[Event "Bundesliga 0001"]
[Site "Deutschland"]
[Date "2001.01.27"]
[Round "6.4"]
[White "Brynell, Stellan"]
[Black "Beim, Valery"]
[Result "1-0"]
[WhiteElo "2484"]
[BlackElo "2528"]
[PlyCount "67"]
[EventDate "2000.10.14"]
[EventType "team"]
[EventRounds "15"]
[EventCountry "GER"]
[SourceTitle "Bundesliga 0001"]
[Source "DeepChess"]
[SourceDate "2005.01.01"]
[SourceVersion "1"]
[SourceVersionDate "2005.01.01"]
[SourceQuality "1"]
[WhiteTeam "SF Neukoelln 03 e.V."]
[BlackTeam "TV Tegernsee"]
[WhiteTeamCountry "GER"]
[BlackTeamCountry "GER"]

1. e4 d6 2. d4 g6 3. Nf3 Bg7 4. Be2 Nf6 5. Nc3 O-O 6. O-O c6 7. a4 Nbd7 8. a5
Qc7 9. Be3 Rb8 10. h3 b5 11. axb6 axb6 12. d5 Nc5 13. Nd4 Bd7 14. Bf3 cxd5 15.
exd5 b5 16. b4 Nb3 17. cxb3 Qxc3 18. Nc6 Bxc6 19. dxc6 Rbc8 20. Ra7 Rfe8 21.
Qd2 Qxb3 22. Rc1 Qe6 23. Qd3 d5 24. Qxb5 Ne4 25. c7 Nc3 26. Qc5 Qe5 27. b5 d4
28. Rxc3 dxc3 29. Qxe5 Bxe5 30. b6 c2 31. Be4 Bd4 32. Bxc2 Bxe3 33. fxe3 e6 34.
Be4 1-0

[Event "Bundesliga 0001"]
[Site "Deutschland"]
[Date "2001.01.27"]
[Round "6.5"]
[White "Stangl, Markus"]
[Black "Borriss, Martin"]
[Result "0-1"]
[WhiteElo "2479"]
[BlackElo "2439"]
[PlyCount "58"]
[EventDate "2000.10.14"]
[EventType "team"]
[EventRounds "15"]
[EventCountry "GER"]
[SourceTitle "Bundesliga 0001"]
[Source "DeepChess"]
[SourceDate "2005.01.01"]
[SourceVersion "1"]
[SourceVersionDate "2005.01.01"]
[SourceQuality "1"]
[WhiteTeam "TV Tegernsee"]
[BlackTeam "SF Neukoelln 03 e.V."]
[WhiteTeamCountry "GER"]
[BlackTeamCountry "GER"]

1. Nf3 Nf6 2. c4 g6 3. g3 Bg7 4. Bg2 O-O 5. d4 d6 6. O-O Nbd7 7. Qc2 e5 8. Rd1
Re8 9. Nc3 c6 10. b3 Qe7 11. e3 Nf8 12. dxe5 dxe5 13. Ng5 e4 14. Bb2 Bf5 15. h4
h6 16. Nh3 N8d7 17. Rd4 Ne5 18. Nf4 Nf3+ 19. Bxf3 exf3 20. Qd1 g5 21. hxg5 hxg5
22. Nd3 Rad8 23. Ne1 g4 24. Qc1 Nh5 25. Rxd8 Rxd8 26. Na4 Nxg3 27. fxg3 Qd6 28.
Kf1 Qxg3 29. Bd4 Bd3+ 0-1

[Event "Bundesliga 0001"]
[Site "Deutschland"]
[Date "2001.01.27"]
[Round "6.6"]
[White "Polzin, Rainer"]
[Black "Teske, Henrik"]
[Result "1/2-1/2"]
[WhiteElo "2465"]
[BlackElo "2463"]
[PlyCount "32"]
[EventDate "2000.10.14"]
[EventType "team"]
[EventRounds "15"]
[EventCountry "GER"]
[SourceTitle "Bundesliga 0001"]
[Source "DeepChess"]
[SourceDate "2005.01.01"]
[SourceVersion "1"]
[SourceVersionDate "2005.01.01"]
[SourceQuality "1"]
[WhiteTeam "SF Neukoelln 03 e.V."]
[BlackTeam "TV Tegernsee"]
[WhiteTeamCountry "GER"]
[BlackTeamCountry "GER"]

1. e4 e5 2. Bc4 Nf6 3. d3 c6 4. Qe2 Be7 5. Nf3 O-O 6. Nbd2 d5 7. Bb3 a5 8. a3
Nbd7 9. O-O Qc7 10. Ba2 Re8 11. Re1 Bd6 12. Nf1 h6 13. Ng3 dxe4 14. dxe4 Nc5
15. h3 Bf8 16. Nh2 Be6 1/2-1/2

[Event "Bundesliga 0001"]
[Site "Deutschland"]
[Date "2001.01.27"]
[Round "6.7"]
[White "Gross, David2"]
[Black "Hellsten, Johan"]
[Result "1/2-1/2"]
[WhiteElo "2484"]
[BlackElo "2470"]
[PlyCount "47"]
[EventDate "2000.10.14"]
[EventType "team"]
[EventRounds "15"]
[EventCountry "GER"]
[SourceTitle "Bundesliga 0001"]
[Source "DeepChess"]
[SourceDate "2005.01.01"]
[SourceVersion "1"]
[SourceVersionDate "2005.01.01"]
[SourceQuality "1"]
[WhiteTeam "TV Tegernsee"]
[BlackTeam "SF Neukoelln 03 e.V."]
[WhiteTeamCountry "GER"]
[BlackTeamCountry "GER"]

1. e4 c5 2. Nf3 e6 3. d4 cxd4 4. Nxd4 a6 5. Nc3 Qc7 6. Bd3 Nf6 7. O-O Bc5 8.
Nb3 Be7 9. f4 d6 10. a4 b6 11. a5 Nc6 12. axb6 Qxb6+ 13. Kh1 O-O 14. Qe2 Nb4
15. Be3 Qb8 16. Na5 Bd7 17. g4 e5 18. f5 d5 19. Nxd5 Nfxd5 20. exd5 Nxd5 21.
Be4 Nxe3 22. Qxe3 Qa7 23. Qxa7 Rxa7 24. Nc6 1/2-1/2

[Event "Bundesliga 0001"]
[Site "Deutschland"]
[Date "2001.01.27"]
[Round "6.8"]
[White "Rudolf, Henrik"]
[Black "Kachiani Gersinska, Ketino"]
[Result "0-1"]
[WhiteElo "2308"]
[BlackElo "2448"]
[PlyCount "70"]
[EventDate "2000.10.14"]
[EventType "team"]
[EventRounds "15"]
[EventCountry "GER"]
[SourceTitle "Bundesliga 0001"]
[Source "DeepChess"]
[SourceDate "2005.01.01"]
[SourceVersion "1"]
[SourceVersionDate "2005.01.01"]
[SourceQuality "1"]
[WhiteTeam "SF Neukoelln 03 e.V."]
[BlackTeam "TV Tegernsee"]
[WhiteTeamCountry "GER"]
[BlackTeamCountry "GER"]

1. e4 c6 2. d4 d5 3. exd5 cxd5 4. c4 Nf6 5. Nc3 e6 6. Nf3 Bb4 7. cxd5 Nxd5 8.
Qc2 Nc6 9. Be2 O-O 10. O-O Re8 11. Rd1 Bf8 12. a3 Bd7 13. Bc4 Nxc3 14. bxc3 Qc7
15. Bd3 g6 16. c4 Bg7 17. Be3 Ne7 18. Rac1 Bc6 19. Be4 Qa5 20. Bxc6 bxc6 21.
Rd3 Nf5 22. Bd2 Qc7 23. Qa4 Rab8 24. Bb4 Red8 25. Rcd1 Rd7 26. h3 h5 27. Ba5
Qb7 28. Ne5 Rxd4 29. Nxc6 Qd7 30. Rxd4 Nxd4 31. c5 e5 32. f4 Qxc6 33. Rxd4 Qxc5
34. fxe5 Bxe5 35. Bc3 Rd8 0-1

[Event "Bundesliga 0001"]
[Site "Deutschland"]
[Date "2001.01.27"]
[Round "6.2"]
[White "Rogers, Ian"]
[Black "Jussupow, Artur"]
[Result "1/2-1/2"]
[WhiteElo "2558"]
[BlackElo "2610"]
[PlyCount "54"]
[EventDate "2000.10.14"]
[EventType "team"]
[EventRounds "15"]
[EventCountry "GER"]
[SourceTitle "Bundesliga 0001"]
[Source "DeepChess"]
[SourceDate "2005.01.01"]
[SourceVersion "1"]
[SourceVersionDate "2005.01.01"]
[SourceQuality "1"]
[WhiteTeam "SV Castrop Rauxel 1923"]
[BlackTeam "SG 1868 Aljech. Solingen"]
[WhiteTeamCountry "GER"]
[BlackTeamCountry "GER"]

1. e4 e5 2. Nf3 Nf6 3. Nxe5 d6 4. Nf3 Nxe4 5. d4 d5 6. Bd3 Nc6 7. O-O Be7 8. c4
Nf6 9. h3 Nb4 10. Be2 dxc4 11. Bxc4 Nbd5 12. Nc3 O-O 13. Re1 c6 14. Bg5 Be6 15.
Bxf6 Bxf6 16. Qb3 Nxc3 17. bxc3 Bxc4 18. Qxc4 Rc8 19. a4 Qa5 20. Ne5 Qc7 21.
Ra2 c5 22. Ng4 cxd4 23. Nxf6+ gxf6 24. Qxd4 Qxc3 25. Qxc3 Rxc3 26. Re7 Rb3 27.
a5 a6 1/2-1/2

[Event "Bundesliga 0001"]
[Site "Deutschland"]
[Date "2001.01.27"]
[Round "6.5"]
[White "Sadler, Matthew"]
[Black "Hoffmann, Michael"]
[Result "1-0"]
[WhiteElo "2628"]
[BlackElo "2458"]
[PlyCount "73"]
[EventDate "2000.10.14"]
[EventType "team"]
[EventRounds "15"]
[EventCountry "GER"]
[SourceTitle "Bundesliga 0001"]
[Source "DeepChess"]
[SourceDate "2005.01.01"]
[SourceVersion "1"]
[SourceVersionDate "2005.01.01"]
[SourceQuality "1"]
[WhiteTeam "SG 1868 Aljech. Solingen"]
[BlackTeam "SV Castrop Rauxel 1923"]
[WhiteTeamCountry "GER"]
[BlackTeamCountry "GER"]

1. e4 c5 2. Nf3 e6 3. b3 b6 4. d4 cxd4 5. Nxd4 Bb7 6. Bd3 Nf6 7. e5 Nd5 8. O-O
Nc6 9. Nxc6 Bxc6 10. c4 Nb4 11. Be2 a5 12. Bb2 Be7 13. Nc3 O-O 14. Bf3 f6 15.
exf6 Bxf6 16. Bxc6 Nxc6 17. Qd2 d5 18. Qe3 Re8 19. Rad1 d4 20. Qh3 Qe7 21. Ne4
e5 22. Rde1 Qe6 23. Qd3 Be7 24. f4 exf4 25. Rxf4 Qg6 26. Ref1 Bc5 27. Bc1 Rf8
28. Nxc5 bxc5 29. Qf3 Rxf4 30. Bxf4 Qe6 31. Qh5 d3 32. Qxc5 Rf8 33. Qe3 Qf5 34.
Rf3 Qg6 35. h3 Nb4 36. Rg3 Qf5 37. Bh6 1-0

[Event "Bundesliga 0001"]
[Site "Deutschland"]
[Date "2001.01.27"]
[Round "6.6"]
[White "Dinstuhl, Volkmar"]
[Black "Lobron, Eric"]
[Result "1/2-1/2"]
[WhiteElo "2412"]
[BlackElo "2530"]
[PlyCount "79"]
[EventDate "2000.10.14"]
[EventType "team"]
[EventRounds "15"]
[EventCountry "GER"]
[SourceTitle "Bundesliga 0001"]
[Source "DeepChess"]
[SourceDate "2005.01.01"]
[SourceVersion "1"]
[SourceVersionDate "2005.01.01"]
[SourceQuality "1"]
[WhiteTeam "SV Castrop Rauxel 1923"]
[BlackTeam "SG 1868 Aljech. Solingen"]
[WhiteTeamCountry "GER"]
[BlackTeamCountry "GER"]

1. d4 Nf6 2. c4 e6 3. Nf3 d5 4. Nc3 Nbd7 5. cxd5 exd5 6. Bg5 Be7 7. Qc2 O-O 8.
e3 Re8 9. Bd3 Nf8 10. O-O c6 11. Rae1 Ne4 12. Bxe7 Qxe7 13. Bxe4 dxe4 14. Nd2
f5 15. f3 exf3 16. Nxf3 Be6 17. e4 fxe4 18. Rxe4 Rad8 19. Rfe1 h6 20. Qf2 Qf6
21. Qg3 Ng6 22. h4 Bf7 23. Ne5 Nxe5 24. dxe5 Qf5 25. Rf4 Rd3 26. Qf2 Qg6 27.
Qxa7 b5 28. a3 Bd5 29. Rf2 Kh7 30. Nxd5 Rxd5 31. Qc7 Re6 32. Rfe2 Rd4 33. Qa5
Rxh4 34. Qd2 Qh5 35. Qd3+ Rg6 36. Kf2 Rf4+ 37. Kg1 Rh4 38. Kf2 Qg5 39. Kg1 Qh5
40. Kf2 1/2-1/2

[Event "Bundesliga 0001"]
[Site "Deutschland"]
[Date "2001.01.27"]
[Round "6.7"]
[White "Rowson, Jonathan"]
[Black "Brendel, Oliver"]
[Result "1-0"]
[WhiteElo "2494"]
[BlackElo "2394"]
[PlyCount "87"]
[EventDate "2000.10.14"]
[EventType "team"]
[EventRounds "15"]
[EventCountry "GER"]
[SourceTitle "Bundesliga 0001"]
[Source "DeepChess"]
[SourceDate "2005.01.01"]
[SourceVersion "1"]
[SourceVersionDate "2005.01.01"]
[SourceQuality "1"]
[WhiteTeam "SG 1868 Aljech. Solingen"]
[BlackTeam "SV Castrop Rauxel 1923"]
[WhiteTeamCountry "GER"]
[BlackTeamCountry "GER"]

1. e4 c5 2. Nf3 g6 3. d4 cxd4 4. Qxd4 Nf6 5. Nc3 Nc6 6. Qa4 d6 7. e5 Ng4 8.
exd6 Qxd6 9. Bf4 e5 10. Bg3 Bg7 11. Rd1 Qb8 12. Bb5 O-O 13. O-O a6 14. Bxc6
bxc6 15. b3 a5 16. a3 Nh6 17. Nd4 Bf5 18. Rfe1 c5 19. Nc6 Qb7 20. Rd2 f6 21.
Nxa5 Qc7 22. Qc4+ Rf7 23. b4 cxb4 24. Qxc7 Rxc7 25. Nd5 Rxa5 26. Nxc7 bxa3 27.
Nd5 Be6 28. c4 Nf5 29. f3 Kf7 30. Bf2 Bf8 31. Rb1 Nd6 32. c5 Nc4 33. Rb7+ Bd7
34. Rxd7+ Ke6 35. Nc7+ Kf5 36. g4+ Kf4 37. Ra2 Kxf3 38. Ne6 Bh6 39. c6 Rb5 40.
Rd3+ Ne3 41. Bxe3 Rb1+ 42. Bc1+ Kxg4 43. Rd1 Bxc1 44. Kf1 1-0

[Event "Bundesliga 0001"]
[Site "Deutschland"]
[Date "2001.01.27"]
[Round "6.8"]
[White "Lemmers, Oscar"]
[Black "Naumann, Alexander"]
[Result "1/2-1/2"]
[WhiteElo "2392"]
[BlackElo "2489"]
[PlyCount "90"]
[EventDate "2000.10.14"]
[EventType "team"]
[EventRounds "15"]
[EventCountry "GER"]
[SourceTitle "Bundesliga 0001"]
[Source "DeepChess"]
[SourceDate "2005.01.01"]
[SourceVersion "1"]
[SourceVersionDate "2005.01.01"]
[SourceQuality "1"]
[WhiteTeam "SV Castrop Rauxel 1923"]
[BlackTeam "SG 1868 Aljech. Solingen"]
[WhiteTeamCountry "GER"]
[BlackTeamCountry "GER"]

1. e4 c5 2. c3 Nf6 3. e5 Nd5 4. Nf3 Nc6 5. d4 cxd4 6. Bc4 Nb6 7. Bb3 d5 8. exd6
Qxd6 9. O-O Be6 10. Na3 dxc3 11. Qe2 Bxb3 12. Nb5 Qb8 13. axb3 e5 14. Nbd4 Nxd4
15. Nxd4 f6 16. Nb5 Be7 17. bxc3 a6 18. Be3 Nd7 19. Rfd1 Nf8 20. Qa2 Ne6 21. c4
Kf7 22. Nc3 Qc7 23. Nd5 Qc6 24. b4 Rhd8 25. f4 exf4 26. Bxf4 Bxb4 27. Nxb4 Qc5+
28. Kh1 Nxf4 29. Nd5 Nxd5 30. cxd5 Rd6 31. Rac1 Qb6 32. Qc2 Re8 33. Rb1 Qd8 34.
Rxb7+ Re7 35. Rxe7+ Qxe7 36. h3 g6 37. Qc8 Kg7 38. Rb1 Kh6 39. Qc4 Kg7 40. Rd1
Qd7 41. Qc5 Qe7 42. Rb1 Qe5 43. Rb7+ Kh6 44. Qc1+ g5 45. Qc7 Qe1+ 1/2-1/2

[Event "Bundesliga 0001"]
[Site "Deutschland"]
[Date "2001.01.27"]
[Round "6.1"]
[White "Beliavsky, Alexander G"]
[Black "Rabiega, Robert"]
[Result "1-0"]
[WhiteElo "2654"]
[BlackElo "2487"]
[PlyCount "69"]
[EventDate "2000.10.14"]
[EventType "team"]
[EventRounds "15"]
[EventCountry "GER"]
[SourceTitle "Bundesliga 0001"]
[Source "DeepChess"]
[SourceDate "2005.01.01"]
[SourceVersion "1"]
[SourceVersionDate "2005.01.01"]
[SourceQuality "1"]
[WhiteTeam "SK Koenig Plauen"]
[BlackTeam "SK Koenig Tegel 1949 e.V. "]
[WhiteTeamCountry "GER"]
[BlackTeamCountry "GER"]

1. d4 d5 2. c4 Nc6 3. Nf3 Bg4 4. cxd5 Bxf3 5. gxf3 Qxd5 6. e3 e6 7. Nc3 Qh5 8.
Bd2 O-O-O 9. h4 Nf6 10. Be2 Qg6 11. Kf1 e5 12. h5 Nxh5 13. f4 Nxf4 14. exf4
exd4 15. f5 Qd6 16. Ne4 Qd5 17. Bd3 Ne5 18. Bf4 g6 19. Rc1 Bd6 20. Bxe5 Qxe5
21. Qf3 Kb8 22. b4 gxf5 23. Nc5 Bxc5 24. bxc5 Qe6 25. Rb1 c6 26. Rh5 Qxa2 27.
Qf4+ Ka8 28. Qc7 Rb8 29. Rxf5 Rhf8 30. Re5 Rfc8 31. Qe7 Qd2 32. Bc4 Qf4 33. Ra1
Rg8 34. Qc7 Qh2 35. Rxa7+ 1-0

[Event "Bundesliga 0001"]
[Site "Deutschland"]
[Date "2001.01.27"]
[Round "6.2"]
[White "Muse, Mladen"]
[Black "Bischoff, Klaus"]
[Result "1/2-1/2"]
[WhiteElo "2510"]
[BlackElo "2556"]
[PlyCount "50"]
[EventDate "2000.10.14"]
[EventType "team"]
[EventRounds "15"]
[EventCountry "GER"]
[SourceTitle "Bundesliga 0001"]
[Source "DeepChess"]
[SourceDate "2005.01.01"]
[SourceVersion "1"]
[SourceVersionDate "2005.01.01"]
[SourceQuality "1"]
[WhiteTeam "SK Koenig Tegel 1949 e.V. "]
[BlackTeam "SK Koenig Plauen"]
[WhiteTeamCountry "GER"]
[BlackTeamCountry "GER"]

1. d4 e6 2. Nf3 Nf6 3. c4 d5 4. Nc3 Nbd7 5. cxd5 exd5 6. Qc2 c6 7. Bf4 Be7 8.
e3 Nh5 9. Bg3 g6 10. O-O-O Nb6 11. Bd3 Be6 12. Be5 f6 13. Bg3 Qd7 14. Nd2 Nxg3
15. hxg3 O-O-O 16. Rh2 f5 17. Rdh1 h5 18. Ne2 Rhg8 19. Nf4 Kb8 20. Nf3 Bf6 21.
Nh4 Bxh4 22. gxh4 Bf7 23. Kb1 Qe7 24. Rc1 Nd7 25. Qb3 Rc8 1/2-1/2

[Event "Bundesliga 0001"]
[Site "Deutschland"]
[Date "2001.01.27"]
[Round "6.3"]
[White "Gdanski, Jacek"]
[Black "Paulsen, Dirk"]
[Result "1-0"]
[WhiteElo "2557"]
[BlackElo "2431"]
[PlyCount "51"]
[EventDate "2000.10.14"]
[EventType "team"]
[EventRounds "15"]
[EventCountry "GER"]
[SourceTitle "Bundesliga 0001"]
[Source "DeepChess"]
[SourceDate "2005.01.01"]
[SourceVersion "1"]
[SourceVersionDate "2005.01.01"]
[SourceQuality "1"]
[WhiteTeam "SK Koenig Plauen"]
[BlackTeam "SK Koenig Tegel 1949 e.V. "]
[WhiteTeamCountry "GER"]
[BlackTeamCountry "GER"]

1. e4 g6 2. d4 Nf6 3. e5 Nh5 4. Nf3 d6 5. Bc4 d5 6. Bb3 Bg4 7. h3 Bxf3 8. Qxf3
e6 9. O-O Ng7 10. c3 Nf5 11. Qe2 c5 12. g4 Nh4 13. f4 Nc6 14. Be3 h5 15. dxc5
hxg4 16. hxg4 Qa5 17. Qf2 O-O-O 18. Nd2 d4 19. cxd4 Nxd4 20. Bxd4 Qc7 21. c6 b6
22. Ne4 Nf5 23. Rfd1 Nxd4 24. Rxd4 Rxd4 25. Qxd4 Qxc6 26. Ba4 1-0

[Event "Bundesliga 0001"]
[Site "Deutschland"]
[Date "2001.01.27"]
[Round "6.4"]
[White "Lipinsky, Fabian"]
[Black "Boensch, Uwe"]
[Result "1/2-1/2"]
[WhiteElo "2362"]
[BlackElo "2558"]
[PlyCount "85"]
[EventDate "2000.10.14"]
[EventType "team"]
[EventRounds "15"]
[EventCountry "GER"]
[SourceTitle "Bundesliga 0001"]
[Source "DeepChess"]
[SourceDate "2005.01.01"]
[SourceVersion "1"]
[SourceVersionDate "2005.01.01"]
[SourceQuality "1"]
[WhiteTeam "SK Koenig Tegel 1949 e.V. "]
[BlackTeam "SK Koenig Plauen"]
[WhiteTeamCountry "GER"]
[BlackTeamCountry "GER"]

1. d4 Nf6 2. Nf3 e6 3. Bg5 c5 4. e3 Be7 5. c3 b6 6. Nbd2 Bb7 7. Bd3 Nc6 8. a3
cxd4 9. cxd4 O-O 10. e4 d5 11. e5 Ne4 12. h4 f5 13. exf6 Nxf6 14. Qe2 Qd6 15.
g3 Rae8 16. Rc1 Ne4 17. Nxe4 dxe4 18. Bxe4 Bxg5 19. hxg5 g6 20. O-O Re7 21. Rc3
Nxd4 22. Nxd4 Qxd4 23. Bxb7 Rxb7 24. Qxe6+ Rbf7 25. Qe3 Qxe3 26. Rxe3 Rf3 27.
Rxf3 Rxf3 28. Re1 Rb3 29. Re2 a5 30. Kg2 b5 31. g4 a4 32. f4 b4 33. axb4 Rxb4
34. Kf3 Rb3+ 35. Ke4 a3 36. bxa3 Rxa3 37. f5 Ra4+ 38. Ke5 Kf7 39. Rd2 Rxg4 40.
Rd7+ Ke8 41. Rxh7 Rxg5 42. Ke6 Rxf5 43. Rh8+ 1/2-1/2

[Event "Bundesliga 0001"]
[Site "Deutschland"]
[Date "2001.01.27"]
[Round "6.5"]
[White "Kindermann, Stefan"]
[Black "Von Herman, Ulf"]
[Result "1/2-1/2"]
[WhiteElo "2519"]
[BlackElo "2357"]
[PlyCount "83"]
[EventDate "2000.10.14"]
[EventType "team"]
[EventRounds "15"]
[EventCountry "GER"]
[SourceTitle "Bundesliga 0001"]
[Source "DeepChess"]
[SourceDate "2005.01.01"]
[SourceVersion "1"]
[SourceVersionDate "2005.01.01"]
[SourceQuality "1"]
[WhiteTeam "SK Koenig Plauen"]
[BlackTeam "SK Koenig Tegel 1949 e.V. "]
[WhiteTeamCountry "GER"]
[BlackTeamCountry "GER"]

1. e4 c6 2. d4 d5 3. e5 Bf5 4. c3 e6 5. Be3 Qb6 6. Qb3 Nd7 7. Nd2 a5 8. Qxb6
Nxb6 9. a4 Ne7 10. f4 h5 11. Ngf3 Bg4 12. Bf2 Ng6 13. g3 Be7 14. Be2 Bh3 15.
Nf1 h4 16. Ne3 Bf5 17. Nxf5 exf5 18. Rg1 hxg3 19. hxg3 Nf8 20. Bd3 g6 21. Ke2
Ne6 22. b3 Kd7 23. Rh1 Rag8 24. Be3 Na8 25. c4 Nac7 26. c5 Na6 27. Bxa6 bxa6
28. Rab1 Bd8 29. Kf2 Bc7 30. Kg2 Rb8 31. Rxh8 Rxh8 32. Bd2 Rb8 33. Bc3 Rh8 34.
Ne1 Rb8 35. Nd3 Ng7 36. Ne1 Ne6 37. Nc2 Rg8 38. Bd2 Rb8 39. b4 Bd8 40. Bc3 Bc7
41. Rb2 Bd8 42. bxa5 1/2-1/2

[Event "Bundesliga 0001"]
[Site "Deutschland"]
[Date "2001.01.27"]
[Round "6.6"]
[White "Pachow, Joerg"]
[Black "Espig, Lutz"]
[Result "0-1"]
[WhiteElo "2297"]
[BlackElo "2401"]
[PlyCount "130"]
[EventDate "2000.10.14"]
[EventType "team"]
[EventRounds "15"]
[EventCountry "GER"]
[SourceTitle "Bundesliga 0001"]
[Source "DeepChess"]
[SourceDate "2005.01.01"]
[SourceVersion "1"]
[SourceVersionDate "2005.01.01"]
[SourceQuality "1"]
[WhiteTeam "SK Koenig Tegel 1949 e.V. "]
[BlackTeam "SK Koenig Plauen"]
[WhiteTeamCountry "GER"]
[BlackTeamCountry "GER"]

1. e4 c5 2. Nf3 e6 3. b3 d6 4. Bb2 Nf6 5. Nc3 Be7 6. Bb5+ Nbd7 7. O-O O-O 8. d4
cxd4 9. Qxd4 a6 10. Bxd7 Bxd7 11. e5 dxe5 12. Nxe5 Bb5 13. Qxd8 Rfxd8 14. Rfd1
Be8 15. Rxd8 Rxd8 16. Rd1 Rc8 17. Nc4 b5 18. Ne3 Bc5 19. a3 a5 20. Rd3 Bxe3 21.
fxe3 b4 22. axb4 axb4 23. Na4 Rxc2 24. Rd8 Kf8 25. Bxf6 gxf6 26. Rb8 Re2 27.
Rxb4 Rxe3 28. Rb8 Ke7 29. Rb7+ Kd6 30. Kf2 Re5 31. Nb2 Rf5+ 32. Ke3 Bd7 33.
Nc4+ Kc6 34. Rb8 Rh5 35. h3 Rg5 36. Kf2 Kc5 37. Rf8 Rg7 38. g3 e5 39. h4 Be6
40. Nd2 Rg4 41. Rh8 Bf5 42. Rf8 Rd4 43. Ke3 Rd3+ 44. Ke2 Rd7 45. Ke3 Rd3+ 46.
Ke2 Rxg3 47. Rxf7 Rg6 48. Nc4 Kd4 49. Ne3 Be6 50. Rxh7 Rg3 51. Nf1 Rg2+ 52. Ke1
Kd3 53. h5 Re2+ 54. Kd1 Bxb3+ 55. Kc1 Re1+ 56. Kb2 Rxf1 57. Kxb3 Rb1+ 58. Ka2
Rh1 59. h6 Ke3 60. Kb2 f5 61. Rf7 f4 62. h7 f3 63. Kc2 f2 64. Rf5 e4 65. Rf7
Rxh7 0-1

[Event "Bundesliga 0001"]
[Site "Deutschland"]
[Date "2001.01.27"]
[Round "6.7"]
[White "Schaller, Sven"]
[Black "Lorenz, Sascha"]
[Result "1-0"]
[WhiteElo "2334"]
[BlackElo "2298"]
[PlyCount "53"]
[EventDate "2000.10.14"]
[EventType "team"]
[EventRounds "15"]
[EventCountry "GER"]
[SourceTitle "Bundesliga 0001"]
[Source "DeepChess"]
[SourceDate "2005.01.01"]
[SourceVersion "1"]
[SourceVersionDate "2005.01.01"]
[SourceQuality "1"]
[WhiteTeam "SK Koenig Plauen"]
[BlackTeam "SK Koenig Tegel 1949 e.V. "]
[WhiteTeamCountry "GER"]
[BlackTeamCountry "GER"]

1. d4 Nf6 2. Nf3 g6 3. c4 Bg7 4. Nc3 O-O 5. e4 d6 6. Be2 Na6 7. Bg5 c5 8. Qd2
cxd4 9. Nxd4 Nc5 10. f3 a6 11. Bh6 e5 12. Bxg7 Kxg7 13. Nc2 Ne6 14. g3 Ne8 15.
O-O-O Bd7 16. h4 h6 17. f4 Bc6 18. Qe3 Qa5 19. b4 Qc7 20. Nd5 Bxd5 21. exd5 Nd8
22. fxe5 Qe7 23. exd6 Qxe3+ 24. Nxe3 Nxd6 25. Bd3 h5 26. c5 Ne8 27. Nc4 1-0

[Event "Bundesliga 0001"]
[Site "Deutschland"]
[Date "2001.01.27"]
[Round "6.8"]
[White "Zierke, Oliver"]
[Black "Kuraszkiewicz, Michael"]
[Result "0-1"]
[WhiteElo "2297"]
[BlackElo "2309"]
[PlyCount "84"]
[EventDate "2000.10.14"]
[EventType "team"]
[EventRounds "15"]
[EventCountry "GER"]
[SourceTitle "Bundesliga 0001"]
[Source "DeepChess"]
[SourceDate "2005.01.01"]
[SourceVersion "1"]
[SourceVersionDate "2005.01.01"]
[SourceQuality "1"]
[WhiteTeam "SK Koenig Tegel 1949 e.V. "]
[BlackTeam "SK Koenig Plauen"]
[WhiteTeamCountry "GER"]
[BlackTeamCountry "GER"]

1. d4 g6 2. c4 Bg7 3. e4 d6 4. Nc3 Nf6 5. Nf3 O-O 6. Be2 e5 7. O-O exd4 8. Nxd4
Re8 9. f3 Nh5 10. Be3 f5 11. Qd2 f4 12. Bf2 Be5 13. Rfd1 Qe7 14. Rac1 Na6 15.
b4 Qg7 16. a3 Kh8 17. Ndb5 g5 18. Nd4 Qg6 19. Qd3 Ng7 20. g4 fxg3 21. hxg3 Qh6
22. Bf1 Nh5 23. Nce2 Nf4 24. Nxf4 gxf4 25. g4 Rg8 26. Nf5 Bxf5 27. exf5 c5 28.
Re1 b6 29. Qd5 Raf8 30. Qb7 Nb8 31. bxc5 bxc5 32. Bxc5 Nc6 33. Bf2 Nd4 34. Qd5
Qf6 35. c5 Nxf5 36. Bd3 Ne3 37. Qe4 Rg7 38. c6 d5 39. Qb4 h5 40. Be2 hxg4 41.
fxg4 Rfg8 42. Bf3 Rxg4+ 0-1